000 00646nam a2200241Ia 4500
003 OSt
005 20220918204630.0
006 a|||||r|||| 00| 0
007 ta
008 220917b |||||||| |||| 00| 0 eng d
024 _a113,555
037 _cTextual
040 _aARTS
_cARTS
_beng
041 _2eng
_aeng
082 _aV53,6.J-F, L8
100 _aPetit D C
_9112636
245 0 _aFrench communes in the middle ages tr by Joan Vickers
260 _aAmsterdam
_bNorth Holland
_c1978
300 _aviii, 165p.
_ccm.
650 _aHISTORY
942 _hV53,6.J-F, L8
_cTEXL
_2CC
999 _c236886
_d236886